Meilleur marqueur d'essais de la Coupe d'Europe. - Statistiques

Statistiques générales
  • Ce quiz a été pris 113 fois
    20 depuis la dernière actualisation
  • Le résultat moyen est 5 sur 10
Statistiques - réponses
Joueur % Correct
Antoine Dupont
88%
Damian Penaud
81%
Vincent Clerc
81%
James Lowe
69%
Juan Imhoff
63%
Brian O'Driscoll
50%
Chris Ashton
38%
Simon Zebo
13%
Tommy Bowe
13%
Dafydd James
6%
Aucun quiz correspondant
Distribution des résultats
% des personnes avec chaque résultat
Percentile par nombre de réponses
Votre historique - résultats
Vous n’avez pas pris ce quiz depuis la dernière actualisation